1707 1501 1585 1352 1791 1475 1883 1815 1040 1155 1058 1509 1438 1981 1967 1688 1430 1254 1438 1614 1247 1648 1469 1947 1699 1306 1155 1515 1885 1926 1149 1524 1803 1594 1383 1470 1295 1761 1580 1273 1810 1036 1395 1559 1048 1130 1098 1777 1431 1141 1578 1445 1729 1638 1914 1587 1491 1689 1176 1166 1733 1423 1950 1731 1571 1196 1482 1022 1848 1519 1572 1484 1730 1950 1421 1131 1412 1984 1754 1744 1586 1473 1580 1278 1156 1188 1903 1791 1846 1538 1857 1420 1223 1631 1117 1301 1313 1771 1269 BCNSPRNW ULIB Ver.6.0+V

เปลี่ยนเป็นภาษาไทย

Change to English
 แสดงรายละเอียดบรรณานุกรม
  กลับหน้าหลัก

Brief Record : Get Marc (ISO 2709) : E-mail record : QR code < ปิดหน้าต่าง
LEADER : 00000nam 2200000uu 4500
001    13399111600
003     ULIB
008    110627s||||||||th 000 0 tha d
020    9789748388977
090    นว.^bว633ย 2553
100 0  วินุตตา
245 00 ยอดปรารถนา/^cวินุตตา
250    พิมพ์ครั้งที่ 1
260    กรุงเทพฯ :^bอินเลิฟ,^c2553
300    323 หน้า
945    ^p199^l0^i028045
995    ทศพร
999 ^a ใช้งานได้ทุกระบบ
รายการนี้ยังไม่มีแท็ก
คุณยังไม่ได้ล็อกอิน คุณสามารถมีกิจกรรมร่วมกับเว็บไซต์ได้ แต่ต้องล็อกอินก่อน ::
  ล็อกอิน

รายการสื่อสารสนเทศ

ลำดับที่ ประเภท เลขเรียก/บาร์โค้ด สถานที่ สถานะ
- ไม่พบข้อมูล -

รายการใกล้เคียง
    ผู้แต่ง [วินุตตา]

BibComment


ยังไม่เคยถูกคอมเมนท์

คอมเมนท์ทรัพยากรรายการนี้
  คอมเมนท์: ยอดปรารถนา วินุตตา


 Copyright 2026. Bcnsprnw @Library